1050 1901 1609 1068 1551 1958 1722 1786 1002 1443 1063 1632 1054 1154 1106 1203 1185 1745 1580 1221 1065 1127 1602 1762 1732 1081 1565 1457 1436 1524 1366 1699 1832 1345 1255 1544 1746 1108 1585 1952 1076 1111 1747 1260 1181 1725 1511 1099 1867 1755 1010 1443 1971 1103 1423 1873 1088 1140 1553 1018 1184 1281 1168 1037 1824 1157 1091 1591 1153 1617 1750 1075 1473 1674 1616 1759 1437 1494 1420 1640 1325 1078 1398 1478 1362 1127 1585 1951 1418 1083 1317 1834 1883 1359 1861 1546 1797 1602 1293 BCNSPRNW ULIB Ver.6.0+V

เปลี่ยนเป็นภาษาไทย

Change to English
 แสดงรายละเอียดบรรณานุกรม
  กลับหน้าหลัก

Brief Record : Get Marc (ISO 2709) : E-mail record : QR code < ปิดหน้าต่าง
LEADER : 00000nam 2200000uu 4500
001    13399127408
003     ULIB
008    200519s2562||||th 000 0 tha d
020    ^a9786167380100
050 04 ^aPE1128^bก671ส
100 0  ^aกิตติ์ จิรติกุล
245 10 ^aสอบติดพิชิต TOEFL iTP /^bกิตติ์ จิรติกุล
260    ^aกรุงเทพฯ :^bบุ๊คเฟิสท์,^c2562
300    ^a286 หน้า :^bภาพประกอบ ;^c30 ซม. +^eซีดี-รอม 1 แผ่น
650  0 ^aEnglish language^xExaminations, questions, etc.
650  0 ^aEnglish language^xGrammar
650  0 ^aEnglish language^xUsage
650  0 ^aTest of English as a Foreign Language
650  4 ^aภาษาอังกฤษ^xข้อสอบและเฉลย
650  4 ^aภาษาอังกฤษ^xไวยากรณ์
650  4 ^aภาษาอังกฤษ^xการใช้ภาษา
650  4 ^aโทเฟล
653    ^aTOEFL
945    ^p399^l0^i007081
999    ^aประนอม เกษจรัล
รายการนี้ยังไม่มีแท็ก
คุณยังไม่ได้ล็อกอิน คุณสามารถมีกิจกรรมร่วมกับเว็บไซต์ได้ แต่ต้องล็อกอินก่อน ::
  ล็อกอิน

รายการสื่อสารสนเทศ

ลำดับที่ ประเภท เลขเรียก/บาร์โค้ด สถานที่ สถานะ
1. การศึกษาทั่วไป
หนังสือสำรอง
สถานะ=หนังสือสำรอง
PE1128 ก671ส ฉ.1 
  Barcode: 007081
ห้องสมุดวิทยาเขตสวรรค์ประชารักษ์
►หนังสือทั่วไป
ถูกยืม กำหนดส่งวันที่ 11 เมษายน 2568
  จอง

รายการใกล้เคียง
    ผู้แต่ง [กิตติ์ จิรติกุล]

    หัวเรื่อง [English language Grammar]
    หัวเรื่อง [Test of English as a Foreign Language]
    หัวเรื่อง [ภาษาอังกฤษ การใช้ภาษา]
    หัวเรื่อง [โทเฟล]

BibComment


ยังไม่เคยถูกคอมเมนท์

คอมเมนท์ทรัพยากรรายการนี้
  คอมเมนท์: สอบติดพิชิต TOEF..


 Copyright 2026. Bcnsprnw @Library